000 00701nam a2200229Ia 4500
003 OSt
005 20220923225514.0
006 a|||||r|||| 00| 0
007 ta
008 220922b |||||||| |||| 00| 0 pan d
024 _a269,665
037 _cTextual
040 _aARTS
_cARTS
_bpan
041 _2pan
_apan
082 _aO153,3x, H4
100 _aਕੋਹਲੀ, ਸੁਹਿੰਦਰ ਸਿੰਘ
_9156370
245 0 _aਪੰਜਾਬ ਦੀਆਂ ਪ੍ਰੀਤ ਕਹਾਣੀਆਂ
260 _c1944
650 _aਪੰਜਾਬੀ ਸਾਹਿਤ
942 _hO153,3x, H4
_cTEXL
_2CC
999 _c378686
_d378686